[Event "AUTO-ADV-1293"]
[Site "http://www.queenalice.com/game.php?id=572424"]
[Date "2009.4.15"]
[Round "1"]
[White "axando"]
[Black "sutra"]
[Result "0-1"]
[WhiteElo "1829"]
[BlackElo "2020"]

1. e4 e5 2. Nf3 Nc6 3. Bc4 Nf6 4. Ng5 d5 5. exd5 Na5 6. Bb5+ c6 7. dxc6 bxc6 8.
Qe2 cxb5 9. Qxb5+ Bd7 10. Qxe5+ Be7 11. O-O O-O 12. d3 Nc6 13. Qg3 Nd4 14. Qe5
Nxc2 15. b3 Ng4 0-1

[Event "AUTO-ADV-1293"]
[Site "http://www.queenalice.com/game.php?id=572437"]
[Date "2009.4.15"]
[Round "1"]
[White "axando"]
[Black "Artking"]
[Result "0-1"]
[WhiteElo "1832"]
[BlackElo "1930"]

1. e4 c6 2. d4 d5 3. Nc3 dxe4 4. Nxe4 Bf5 5. Ng3 Bg6 6. h4 h6 7. Nf3 Nd7 8. Be3
Ngf6 9. c3 e6 10. Bd3 Bxd3 11. Qxd3 Bd6 12. O-O-O Rc8 13. Ne4 Nxe4 14. Qxe4 Nf6
15. Qc2 Nd5 16. Ne5 Qa5 17. Nc4 Qc7 18. Nxd6+ Qxd6 19. Qb3 Nxe3 20. fxe3 O-O 21.
Qxb7 Rb8 22. Qxa7 Qg3 23. Rde1 Ra8 24. Qd7 Rxa2 25. Qxc6 Qf2 0-1

[Event "AUTO-ADV-1293"]
[Site "http://www.queenalice.com/game.php?id=572438"]
[Date "2009.4.15"]
[Round "1"]
[White "Artking"]
[Black "axando"]
[Result "1-0"]
[WhiteElo "1827"]
[BlackElo "1834"]

1. d4 d5 2. c4 e6 3. Nf3 Nf6 4. Nc3 c6 5. Bg5 Nbd7 6. e3 dxc4 7. Bxc4 Be7 8. O-O
b5 9. Bd3 O-O 10. Qc2 Re8 11. Rad1 h6 12. Bh4 Ng4 13. Bg3 h5 14. h3 g6 15. Bxg6
fxg6 16. Qxg6+ Kf8 17. hxg4 hxg4 18. Ne5 Nxe5 19. dxe5 Qa5 20. Rd4 1-0

[Event "AUTO-ADV-1293"]
[Site "http://www.queenalice.com/game.php?id=572439"]
[Date "2009.4.15"]
[Round "1"]
[White "axando"]
[Black "FeralPawn"]
[Result "1-0"]
[WhiteElo "1811"]
[BlackElo "1979"]

1. e4 d5 2. exd5 Nf6 3. d4 e6 4. Bb5+ c6 5. dxc6 bxc6 6. Be2 Bd6 7. Nc3 O-O 8.
Nf3 Na6 9. Bg5 c5 10. dxc5 Nxc5 11. Bxf6 Qxf6 12. Qxd6 Nb7 13. Qe5 Qg6 14. O-O-O
a5 15. Kb1 a4 16. h4 Na5 17. Qf4 a3 18. Bd3 f5 19. g3 Ba6 20. Ne5 Qe8 21. b3
Bxd3 22. Rxd3 Qe7 23. Rd7 Qc5 24. Ne2 Rac8 25. c3 Qb5 26. Nd4 Qa6 27. Qg5 g6 28.
Qh6 Rf7 29. Rxf7 1-0

[Event "AUTO-ADV-1293"]
[Site "http://www.queenalice.com/game.php?id=572440"]
[Date "2009.4.15"]
[Round "1"]
[White "FeralPawn"]
[Black "axando"]
[Result "1-0"]
[WhiteElo "1969"]
[BlackElo "1821"]

1. e4 c5 2. b4 cxb4 3. a3 d5 4. exd5 Qxd5 5. Nf3 e6 6. axb4 Bxb4 7. c3 Bd6 8.
Na3 Nf6 9. Nc4 Bc7 10. Ba3 b5 11. Ne3 Qh5 12. Be2 Bb7 13. Nd4 Qg5 14. Bxb5+ Nbd7
15. Nc6 Qxb5 16. Ne7 Ng8 17. Rb1 Qa6 18. Nc2 Nxe7 19. Qg4 Nf5 20. c4 Ne5 21. Qg5
Nd3+ 22. Kf1 Qxc4 23. Ne3 Nf4+ 24. Nxc4 Nh3 25. gxh3 Bxh1 26. Ne3 f6 27. Qg4 Kf7
28. Nxf5 exf5 29. Qc4+ 1-0

[Event "Challenge"]
[Site "http://www.queenalice.com/game.php?id=579404"]
[Date "2009.4.28"]
[Round "-"]
[White "knight401"]
[Black "axando"]
[Result "0-1"]
[WhiteElo "1554"]
[BlackElo "1884"]

1. e4 e5 2. Nf3 Nc6 3. Be2 d6 4. d3 Bg4 5. Nbd2 Nf6 6. O-O Nh5 7. h3 Be6 8. Nxe5
Nxe5 9. Bxh5 g6 10. Be2 Qg5 11. f4 Qg3 12. Qe1 Qxe1 13. Rxe1 Nc6 14. Nf1 O-O-O
15. Ng3 Nd4 16. Bd1 Bd7 17. c3 Nc6 18. h4 h5 19. f5 Bg7 20. fxg6 fxg6 21. Ba4
Ne5 22. Bxd7+ Kxd7 23. Bg5 Rdf8 24. Rf1 Nxd3 0-1

[Event "AUTO-ADV-1328"]
[Site "http://www.queenalice.com/game.php?id=588165"]
[Date "2009.5.14"]
[Round "1"]
[White "marcao"]
[Black "axando"]
[Result "1-0"]
[WhiteElo "1795"]
[BlackElo "1887"]

1. d4 d5 2. Nf3 Nf6 3. Nc3 e6 4. Bf4 Bb4 5. e3 Ne4 6. Qd3 Nxc3 7. bxc3 Ba5 8.
Qb5+ c6 9. Qc5 b6 10. Qa3 Nd7 11. Bd3 h6 12. O-O g5 13. Bg3 b5 14. Ne5 Nxe5 15.
Bxe5 f6 16. Bg6+ 1-0

[Event "AUTO-ADV-1328"]
[Site "http://www.queenalice.com/game.php?id=588166"]
[Date "2009.5.14"]
[Round "1"]
[White "axando"]
[Black "marcao"]
[Result "1-0"]
[WhiteElo "1871"]
[BlackElo "1815"]

1. e4 e5 2. Nf3 Nc6 3. Bc4 Nf6 4. Ng5 d5 5. exd5 Nxd5 6. Nxf7 Kxf7 7. Qf3+ Ke6
8. Nc3 Nd4 9. Qe4 c6 10. O-O b5 11. f4 Bd6 12. Bxd5+ Ke7 13. Bxc6 Bf5 14. Qd5
Nxc6 15. Qxc6 a6 16. fxe5 Ke6 17. Qd5+ Kd7 18. Qxd6+ 1-0

[Event "AUTO-ADV-1328"]
[Site "http://www.queenalice.com/game.php?id=588179"]
[Date "2009.5.14"]
[Round "1"]
[White "axando"]
[Black "alesciulli"]
[Result "0-1"]
[WhiteElo "1896"]
[BlackElo "1987"]

1. e4 e5 2. Nf3 Nc6 3. Bc4 Bc5 4. c3 Nf6 5. b4 Bb6 6. d3 d6 7. O-O h6 8. Be3 Qe7
9. a4 a6 10. a5 Ba7 11. b5 axb5 12. Bxb5 Bd7 13. c4 O-O 14. Nc3 Bxe3 15. fxe3
Rxa5 16. Bxc6 Rxa1 17. Qxa1 Bxc6 18. Nd5 Nxd5 19. exd5 Be8 20. e4 f5 21. Qe1 c6
22. Qe3 fxe4 23. dxe4 cxd5 24. exd5 b5 25. cxb5 Bxb5 26. Re1 Qf7 27. Qe4 Rc8 28.
Nh4 Rc4 29. Qe2 Rc5 30. Qe4 Qxd5 31. Qxd5+ Rxd5 32. Nf5 Kf7 33. g4 Kf6 34. h4
Rd2 35. Rb1 Bd3 36. Rb6 Bxf5 37. gxf5 Kxf5 0-1

[Event "AUTO-ADV-1328"]
[Site "http://www.queenalice.com/game.php?id=588180"]
[Date "2009.5.14"]
[Round "1"]
[White "alesciulli"]
[Black "axando"]
[Result "1-0"]
[WhiteElo "2002"]
[BlackElo "1867"]

1. e4 e5 2. Nf3 Nc6 3. Bc4 Bc5 4. c3 Nf6 5. d4 exd4 6. cxd4 Bb4+ 7. Nc3 Nxe4 8.
Qd3 Nxc3 9. bxc3 d5 10. cxb4 dxc4 11. Qxc4 Be6 12. Qc5 Qd5 13. Be3 Qxc5 14. bxc5
O-O-O 15. a3 Rd5 16. h3 f6 17. O-O g5 18. Rad1 Rg8 19. Rfe1 g4 20. hxg4 Rxg4 21.
Nh2 Rg6 22. Rd2 Bf5 23. Nf3 Rg4 24. g3 Be4 25. Nh2 Rg6 26. Bf4 f5 27. f3 Rxd4
28. Rxd4 Nxd4 29. fxe4 fxe4 30. Rxe4 Ne6 31. Rc4 Nxf4 32. Rxf4 Rc6 33. Rf5 Kd7
34. Nf3 Ke7 35. Nd4 1-0

[Event "AUTO-ADV-1328"]
[Site "http://www.queenalice.com/game.php?id=588181"]
[Date "2009.5.14"]
[Round "1"]
[White "axando"]
[Black "stoyan1"]
[Result "1/2-1/2"]
[WhiteElo "1898"]
[BlackElo "1791"]

1. e4 e5 2. Nf3 d6 3. Bc4 Nf6 4. Ng5 d5 5. exd5 Bd6 6. O-O O-O 7. Nc3 h6 8. Nf3
Bg4 9. d3 Nbd7 10. Ne4 Nc5 11. Nxd6 cxd6 12. c3 a6 13. b4 Ncd7 14. Qe2 b5 15.
Bb3 Nb6 16. Be3 Nbxd5 17. Bxd5 Nxd5 18. Bd2 f5 19. c4 bxc4 20. dxc4 Bxf3 21.
Qxf3 e4 22. Qh5 Nb6 23. Bc1 Qf6 24. Be3 Nxc4 25. Rfd1 Nxe3 26. fxe3 a5 27. b5
Rab8 28. Qe2 f4 29. Rab1 f3 30. Qf2 a4 31. Rd5 Qe6 32. Rbd1 fxg2 33. Qxg2 Rf6
34. Rxd6 Qxd6 35. Rxd6 Rxd6 36. Qxe4 Kh8 37. Qxa4 Rdb6 38. Kf2 Rxb5 39. Qf4 Rb2+
40. Kg3 Ra8 41. Qe4 Rbxa2 42. h4 Rf8 43. Qd5 Raf2 44. e4 g6 45. e5 h5 46. e6
R8f3+ 47. Qxf3 Rxf3+ 48. Kxf3 Kg7 49. Kf4 Kf6 50. Ke3 Kxe6 51. Ke4 Kf6 52. Kf4
g5+ 53. hxg5+ Kg6 54. Kg3 1/2-1/2

[Event "AUTO-ADV-1328"]
[Site "http://www.queenalice.com/game.php?id=588182"]
[Date "2009.5.14"]
[Round "1"]
[White "stoyan1"]
[Black "axando"]
[Result "0-1"]
[WhiteElo "1804"]
[BlackElo "1885"]

1. e4 e5 2. Nf3 Nc6 3. Bb5 a6 4. Ba4 Nf6 5. d3 d6 6. c4 Bd7 7. Bxc6 Bxc6 8. O-O
Bd7 9. Bg5 Be7 10. Bxf6 Bxf6 11. h3 Bg5 12. Nc3 c6 13. b4 Bf4 14. Ne2 Bh6 15.
Nh2 Qe7 16. a4 b6 17. f4 exf4 18. Nxf4 O-O-O 19. Qh5 Qf6 20. Ng4 Qd4+ 21. Kh1
Bxf4 22. Rad1 g6 23. Qh4 g5 24. Qf2 Qxf2 25. Rxf2 Bxg4 26. hxg4 h5 27. gxh5
Rxh5+ 28. Kg1 Rdh8 29. Kf1 Rh1+ 30. Ke2 Rxd1 31. Kxd1 Rh1+ 32. Ke2 Rb1 33. b5
Rb2+ 34. Kf3 Rxf2+ 35. Kxf2 cxb5 36. cxb5 axb5 37. axb5 Kd7 38. g3 Bc1 39. Kf3
Ke6 40. d4 Bb2 41. Ke3 f5 42. exf5+ Kxf5 43. g4+ Ke6 44. Ke4 Bxd4 45. Kxd4 d5
46. Kd3 Ke5 47. Ke3 d4+ 48. Kd3 Kd5 0-1

[Event "Challenge"]
[Site "http://www.queenalice.com/game.php?id=591420"]
[Date "2009.5.20"]
[Round "-"]
[White "garca"]
[Black "axando"]
[Result "0-1"]
[WhiteElo "1841"]
[BlackElo "1856"]

1. e4 e5 2. d3 Nc6 3. Nf3 d5 4. exd5 Qxd5 5. Nc3 Qd8 6. h3 Bb4 7. Bd2 Nf6 8. a3
Bd6 9. Ne4 Nxe4 10. dxe4 Bd7 11. Bc4 h6 12. Be3 Qe7 13. Qd2 a6 14. O-O O-O-O 15.
Qe2 Na5 16. Bd3 Nc6 17. b4 g5 18. Nh2 Nd4 19. Bxd4 exd4 20. Rfe1 Be5 21. Nf3 f6
22. Nxe5 fxe5 23. Reb1 Rhf8 24. a4 Rf6 25. a5 Qe8 26. b5 h5 27. bxa6 Bc6 28.
axb7+ Kb8 29. a6 Ka7 30. Bb5 g4 31. hxg4 hxg4 32. Bxc6 Rxc6 33. Qxg4 Rxa6 34.
Qg6 Qxg6 0-1

[Event "Challenge"]
[Site "http://www.queenalice.com/game.php?id=591421"]
[Date "2009.5.20"]
[Round "-"]
[White "axando"]
[Black "garca"]
[Result "0-1"]
[WhiteElo "1894"]
[BlackElo "1800"]

1. e4 e5 2. Nf3 d6 3. Bc4 h6 4. d4 exd4 5. Qxd4 Nc6 6. Qd1 Be7 7. O-O Nf6 8. Nc3
a6 9. a3 b5 10. Ba2 Bg4 11. h3 Bh5 12. Re1 Ne5 13. Nd5 Nxf3+ 14. gxf3 O-O 15.
Nxe7+ Qxe7 16. Kh1 Rfe8 17. Rg1 Nxe4 18. Qd4 Bxf3+ 19. Kh2 g5 20. Bd5 Rad8 21.
h4 Qe5+ 22. Qxe5 Rxe5 23. Bxe4 Rxe4 24. hxg5 h5 25. Be3 Rde8 26. Rae1 Rc4 27. c3
Ree4 28. Bd4 Be2 29. Rg3 Ra4 30. Be3 Bc4 31. f4 Be6 32. g6 f6 33. Rg2 Bf5 34.
Kg1 Kg7 35. Kf2 Bg4 36. f5 Bxf5 37. Rd1 Bxg6 38. Rd4 Raxd4 39. cxd4 d5 40. b4 h4
41. Rh2 Bf5 0-1

[Event "Let's Play Chess!"]
[Site "http://www.queenalice.com/game.php?id=601650"]
[Date "2009.6.11"]
[Round "-"]
[White "salvioluiz"]
[Black "axando"]
[Result "0-1"]
[WhiteElo "1622"]
[BlackElo "1849"]

1. e4 e5 2. Nf3 Nc6 3. d4 exd4 4. Bc4 Nf6 5. e5 Ng4 6. Nxd4 d5 7. Bb5 Nxe5 8.
Qe2 Qe7 9. Nc3 Qd6 10. Bf4 f6 11. O-O-O Bd7 12. Nxc6 Bxc6 13. Bxc6+ bxc6 14. Qa6
Be7 15. Rhe1 O-O 16. Qe2 Qb4 17. a3 Qxf4+ 18. Qe3 Qxe3+ 19. Rxe3 Bc5 20. Re2 Ng4
21. h3 Nxf2 22. Rde1 d4 23. Na4 d3 24. Rd2 Rfe8 25. Rxe8+ Rxe8 26. cxd3 Be3 0-1

[Event "Challenge"]
[Site "http://www.queenalice.com/game.php?id=602482"]
[Date "2009.6.13"]
[Round "-"]
[White "ekup"]
[Black "axando"]
[Result "1/2-1/2"]
[WhiteElo "1812"]
[BlackElo "1826"]

1. e4 e5 2. Nf3 Nc6 3. Bc4 Bc5 4. O-O Nf6 5. d3 d6 6. Nc3 Na5 7. Bb5+ c6 8. Ba4
b5 9. Bb3 Nxb3 10. axb3 a5 11. h3 Bd7 12. Qe1 O-O 13. Be3 Bxe3 14. Qxe3 Nh5 15.
Ne2 h6 16. c3 g5 17. Nh2 Nf4 18. Nxf4 gxf4 19. Qe2 Kh7 20. Kh1 Rg8 21. d4 Qe7
22. f3 Qh4 23. Qf2 Qxf2 24. Rxf2 Rg7 25. Rg1 Rag8 26. Ng4 Bxg4 27. fxg4 h5 28.
gxh5 Kh6 29. Kh2 Kxh5 30. Rf3 Kh4 31. Rd3 Rg3 32. Rd2 Re3 33. dxe5 dxe5 34. Rd6
f3 35. Rh6+ Kg5 36. Rxc6 Kf4 37. gxf3 Re2+ 38. Kh1 Rxg1+ 39. Kxg1 Kxf3 40. Rf6+
Kxe4 41. Rxf7 Rxb2 42. h4 Rxb3 43. h5 Rxc3 44. Kg2 Rc6 45. Ra7 a4 46. Rb7 a3 47.
Rxb5 Ra6 48. Rb1 a2 49. Ra1 Kd3 50. h6 Rxh6 51. Rxa2 e4 52. Ra3+ Kd4 53. Ra4+
Ke5 54. Kg3 Rg6+ 55. Kf2 Kf4 56. Rb4 Ra6 57. Rb2 Rf6 58. Ra2 Ke5+ 59. Ke3 Rf3+
60. Ke2 Kf4 61. Ra8 Re3+ 62. Kf2 Rf3+ 63. Ke2 Re3+ 1/2-1/2

[Event "AUTO-ADV-1369"]
[Site "http://www.queenalice.com/game.php?id=606091"]
[Date "2009.6.19"]
[Round "1"]
[White "aldav"]
[Black "axando"]
[Result "1-0"]
[WhiteElo "1701"]
[BlackElo "1835"]

1. d4 d5 2. e3 e5 3. dxe5 Nc6 4. Bb5 a6 5. Bxc6+ bxc6 6. Nc3 Bb4 7. Bd2 Ne7 8.
f4 Nf5 9. Qe2 O-O 10. O-O-O Be6 11. Na4 c5 12. g4 Ne7 13. f5 Bd7 14. Bxb4 cxb4
15. Nc5 Bc8 16. f6 Ng6 17. fxg7 Re8 18. e6 fxe6 19. Nh3 h6 20. Rhf1 Kxg7 21. Nf4
Nxf4 22. exf4 Qe7 23. Qe5+ Kg8 24. g5 Qg7 25. Qxg7+ Kxg7 26. gxh6+ Kh7 27. f5
exf5 28. Rfe1 Rxe1 29. Rxe1 Ra7 30. Re8 Bb7 31. Re7+ Kxh6 32. Rxc7 d4 33. Rxb7
Rxb7 34. Nxb7 f4 35. Kd2 f3 36. Ke1 Kg5 37. Kf2 Kf4 38. h4 1-0

[Event "AUTO-ADV-1369"]
[Site "http://www.queenalice.com/game.php?id=606105"]
[Date "2009.6.19"]
[Round "1"]
[White "donnybaby"]
[Black "axando"]
[Result "0-1"]
[WhiteElo "1860"]
[BlackElo "1800"]

1. e3 e5 2. c3 d5 3. h3 Nc6 4. Bb5 Bd7 5. Bxc6 Bxc6 6. d4 exd4 7. cxd4 Nf6 8. g4
Qd7 9. Ne2 Bb4+ 10. Bd2 Qd6 11. a3 Bxd2+ 12. Nxd2 O-O 13. Nf4 Rfe8 14. h4 Qxf4
15. a4 Qxd4 16. g5 Ne4 17. exd4 Nc3+ 18. Kf1 Nxd1 19. Rxd1 Bxa4 20. b3 Bb5+ 21.
Kg2 Re2 22. h5 Rae8 23. g6 fxg6 24. hxg6 h6 25. Rh5 R8e6 26. Nf3 c6 27. Ne5 Rf6
28. Ng4 Rf4 29. Kg3 Ree4 30. f3 Rxd4 31. Re1 Kf8 32. Rhe5 c5 33. Re7 Bc6 34. Ne5
Kxe7 35. Nxc6+ Kd6 36. Nxd4 Rxd4 37. Re3 a5 38. f4 Re4 39. Rf3 d4 40. Rf1 Re3+
41. Kg4 Rxb3 42. f5 Ke7 43. Kf4 Kf6 44. Ke4 Re3+ 45. Kd5 Re5+ 46. Kc4 Rxf5 0-1

[Event "AUTO-ADV-1369"]
[Site "http://www.queenalice.com/game.php?id=606106"]
[Date "2009.6.19"]
[Round "1"]
[White "axando"]
[Black "donnybaby"]
[Result "0-1"]
[WhiteElo "1816"]
[BlackElo "1809"]

1. e4 e6 2. d4 c6 3. Nf3 d6 4. c4 h6 5. Nc3 Nd7 6. Be2 g5 7. h3 a6 8. e5 d5 9.
c5 b6 10. cxb6 Nxb6 11. a3 Ne7 12. b3 a5 13. Bd3 Ba6 14. Be3 Bxd3 15. Qxd3 Nf5
16. g4 Nxe3 17. fxe3 h5 18. Nh2 a4 19. Nxa4 Nxa4 20. bxa4 Rxa4 21. O-O hxg4 22.
hxg4 Qa5 23. Rfb1 Be7 24. Rb8+ Bd8 25. Nf3 Kf8 26. Nxg5 Kg7 27. Rf1 Bxg5 28.
Rxh8 Kxh8 29. Rxf7 Qe1+ 30. Kg2 Qh4 31. Rf8+ Kg7 32. Rf3 Rc4 33. Rg3 Rc1 34. Rh3
Qxg4+ 35. Rg3 Rg1+ 36. Kxg1 Qxg3+ 37. Kf1 Qf3+ 38. Ke1 Qxe3+ 39. Qe2 Kf7 0-1

[Event "AUTO-ADV-1369"]
[Site "http://www.queenalice.com/game.php?id=606113"]
[Date "2009.6.19"]
[Round "1"]
[White "Artking"]
[Black "axando"]
[Result "1-0"]
[WhiteElo "1891"]
[BlackElo "1856"]

1. d4 d5 2. c4 e6 3. Nf3 Nf6 4. Nc3 c6 5. Bg5 Be7 6. e3 Nbd7 7. Bd3 dxc4 8. Bxc4
b5 9. Bd3 a6 10. O-O Bb7 11. Rc1 O-O 12. a3 c5 13. Qe2 Bxf3 14. Qxf3 cxd4 15.
exd4 Qb6 16. Rfd1 h6 17. Be3 Qa5 18. Nb1 Nd5 19. b4 Qb6 20. Qg3 Nxe3 21. fxe3
Rac8 22. Nd2 Nf6 23. Nf3 Bd6 24. Ne5 Bxe5 25. Qxe5 Rc6 26. Rc5 Nd7 27. Qe4 Nxc5
28. Qh7# 1-0

[Event "AUTO-ADV-1369"]
[Site "http://www.queenalice.com/game.php?id=606114"]
[Date "2009.6.19"]
[Round "1"]
[White "axando"]
[Black "Artking"]
[Result "0-1"]
[WhiteElo "1841"]
[BlackElo "1910"]

1. e4 c5 2. Nf3 a6 3. d4 cxd4 4. Nxd4 d6 5. c4 Bd7 6. Nc3 Nf6 7. Be2 Nc6 8. O-O
g6 9. Bf3 Bg7 10. Be3 Rc8 11. Rc1 Ne5 12. b3 O-O 13. h3 Nxf3+ 14. Qxf3 Nh5 15.
g4 Nf6 16. Nce2 e5 17. Nc2 Ne8 18. Ng3 f5 19. exf5 gxf5 20. gxf5 Bc6 21. Qg4 Nf6
22. Qg5 h6 23. Qh4 Kh7 24. Kh2 Bf3 25. Rg1 Ng4+ 26. Qxg4 Bxg4 27. hxg4 Qh4+ 0-1

[Event "Challenge"]
[Site "http://www.queenalice.com/game.php?id=609483"]
[Date "2009.6.27"]
[Round "-"]
[White "Legiao"]
[Black "axando"]
[Result "0-1"]
[WhiteElo "1028"]
[BlackElo "1814"]

1. e4 c5 2. c4 Nc6 3. Na3 g6 4. h4 Nf6 5. f3 Bg7 6. b3 Nxe4 7. fxe4 Bxa1 8. d3
Bc3+ 9. Ke2 Nd4+ 10. Kf2 Qb6 11. Bh6 Qf6+ 12. Qf3 Nxf3 13. gxf3 Be1+ 14. Kxe1
Qa1+ 15. Kf2 Qxa2+ 16. Kg3 Qxa3 17. Bg7 Rg8 18. Bh6 Qxb3 19. Rh2 d6 20. Nh3 Bxh3
21. Kxh3 Qd1 22. Rh1 Qxf3+ 23. Kh2 Qg4 24. Bg2 Qxh4+ 25. Kg1 Qe1+ 26. Bf1 Qe3+
27. Kh2 Qxh6+ 28. Bh3 Qd2+ 29. Bg2 Qxd3 30. Re1 Qxc4 31. e5 Qh4+ 32. Bh3 Qxe1
33. exd6 Qe5+ 34. Kh1 Qxd6 35. Bg2 Rd8 36. Bf1 Qd1 37. Kg1 Rd2 38. Kh1 Qxf1# 0-1

[Event "Challenge"]
[Site "http://www.queenalice.com/game.php?id=611740"]
[Date "2009.7.1"]
[Round "-"]
[White "sejalivre"]
[Black "axando"]
[Result "0-1"]
[WhiteElo "1616"]
[BlackElo "1818"]

1. e4 e5 2. Nf3 Nc6 3. Bb5 a6 4. Ba4 Nf6 5. O-O b5 6. Bb3 Bc5 7. c3 d6 8. a4 Bb7
9. d4 Bb6 10. axb5 axb5 11. Rxa8 Qxa8 12. Na3 Na7 13. Ng5 O-O 14. dxe5 dxe5 15.
Nxh7 Nxh7 16. Be3 Bxe3 17. fxe3 Bxe4 18. Qh5 Nf6 19. Qxe5 Bxg2 20. Rf2 Ng4 21.
Qf4 Nxf2 22. Qxf2 Bd5 23. Bc2 Bh1 24. Kf1 Be4 25. Bxe4 Qxe4 26. Nc2 Nc6 27. Ne1
Ra8 28. Qg2 Qxg2+ 29. Nxg2 Ra2 30. b4 Rc2 31. Nf4 Rxc3 32. Nd5 Rc1+ 33. Ke2 Ne5
34. Ne7+ Kf8 35. Nd5 c5 36. Nc7 cxb4 37. Nxb5 Rc2+ 38. Kd1 Rxh2 39. e4 b3 40.
Kc1 b2+ 41. Kb1 Nc4 42. Nc3 g5 43. Na4 g4 0-1